000 00334nam a22001457a 4500
008 221207b ||||| |||| 00| 0 eng d
020 _a9781584261612
041 _aeng
080 _a610.73
082 _a610.73
100 _a8
101 _aINF
245 _aHEALTH INFORMATION MANAGEMENT TECHNOLOGY
_cJOHNS L,M
942 _2udc
_cBK
999 _c59117
_d59117